000 00312nam a22001217a 4500
041 _aENG
100 _aChakravarty .A
245 _aQuestion Papers Agricultural Research Service Examination 1992
260 _aDelhi
_bICAR
_c1992
300 _a316
650 _aCompetitlve Exam
856 _uCompetitlve Exam ( 36 )
999 _c921
_d921